Año virgineo, cuyos dias son finezas de la gran reyna del cielo María Santísima, Virgen Madre del Altísimo.

Detalles Bibliográficos
Autor principal: DOLZ DEL CASTELLAR, Esteban
Formato: Libro
Publicado: s.l. s.d.
Materias:
Colección:Banco de datos
Acervo:Biblioteca del Ex Convento de Nuestra Señora de Guadalupe. Zacatecas
Tema general:Mariología
Notas:Mala. XXXII, 2, 20 (8719). Ex libris manuscrito de Juan Nepomuceno Soto.
LEADER 00768nam a22001930004500
035 |a 49517 
036 |a 10701 
100 1 |a DOLZ DEL CASTELLAR, Esteban. 
245 1 0 |a Año virgineo, cuyos dias son finezas de la gran reyna del cielo María Santísima, Virgen Madre del Altísimo. 
260 |a s.l.  |b s.i.  |c s.d. 
500 |a Mala. XXXII, 2, 20 (8719). Ex libris manuscrito de Juan Nepomuceno Soto. 
650 1 0 |a Mariología 
949 |a CRZ-CG 
959 |a Ex convento de Nuestra Señora de Guadalupe, Museo Regional de Zacatecas, Zacatecas  |b CCC4 
960 |a Convento de Nuestra Señora de Guadalupe, Zacatecas  |b DD87 
961 |a Franciscana  |b OF 
942 |c CRZ-CG 
943 |g Biblioteca del Ex Convento de Nuestra Señora de Guadalupe. Zacatecas 
999 |c 973644  |d 973644